Formule 1 - Écuries championnes du monde - Mort subite - Statistiques

Statistiques générales
  • Ce quiz a été pris 3 468 fois
    3 261 depuis la dernière actualisation
  • Le résultat moyen est 6 sur 15
Answers on the Grid
Answers color-coded by a green-red scale on the quiz's grid according to % correct below.
Benetton
Brabham
Brawn GP
BRM
Cooper
Ferrari
Lotus
Matra
McLaren
Mercedes
Red Bull
Renault
Tyrrell
Vanwall
Williams
Alfa Romeo
AlphaTauri
Alpine
Arrows
BMW Sauber
Force India
Haas
Honda
Jordan
Ligier
March
Maserati
Minardi
Porsche
Racing Point
Toro Rosso
Toyota
 
Statistiques - réponses
Réponse % Correct
1961, 1964, 1975, 1976, 1977, 1979, 1982, 1983,
1999, 2000, 2001, 2002, 2003, 2004, 2007, 2008
Ferrari
75%
2010, 2011, 2012, 2013, 2022, 2023 Red Bull
74%
1974, 1984, 1985, 1988, 1989, 1990, 1991, 1998, 2024 McLaren
71%
2014, 2015, 2016, 2017, 2018, 2019, 2020, 2021 Mercedes
69%
1980, 1981, 1986, 1987, 1992, 1993, 1994, 1996, 1997 Williams
65%
2005, 2006 Renault
62%
1995 Benetton
46%
2009 Brawn GP
45%
1963, 1965, 1968, 1970, 1972, 1973, 1978 Lotus
44%
1966, 1967 Brabham
27%
1971 Tyrrell
21%
1959, 1960 Cooper
14%
1962 BRM
12%
1958 Vanwall
12%
1969 Matra
9%
Aucun quiz correspondant
Distribution des résultats
% des personnes avec chaque résultat
Percentile par nombre de réponses
Votre historique - résultats
Vous n’avez pas pris ce quiz depuis la dernière actualisation